| 000 | 01092cab a2200301 4500 | ||
|---|---|---|---|
| 001 | ABS51918 | ||
| 008 | 090401t1994 xxu||||| |||| 00| 0 eng d | ||
| 035 | _a(Sirsi) u50688 | ||
| 041 | _aeng | ||
| 245 | _aOperational property planning - and how it`s impacted by technology | ||
| 260 | _c1994 | ||
| 350 | _a0 | ||
| 490 |
_aFacilities Management _v2(2) December 1994, 14-15(2) |
||
| 520 | _aHighlights points made by Ashley Dabson in a presentation to facilities managers on operational portfolio planning and the comparison between an integrated portfolio and individual intelligent buildings. | ||
| 650 |
_aFACILITIES MANAGEMENT _96240 |
||
| 650 | _aFLEXIBLE WORKING PRACTICES | ||
| 650 | _aINFORMATION AND COMMUNICATION TECHNOLOGY | ||
| 650 | _aINTELLIGENT BUILDINGS | ||
| 650 | _aOPERATIONAL PORTFOLIO PLANNING | ||
| 650 | _aOPERATIONAL PROPERTY | ||
| 650 |
_aProperty management _96262 |
||
| 650 | _aRICS | ||
| 650 | _aSTRATEGIC PLANNING SOCIETY | ||
| 650 | _aWORKPLACE MANAGEMENT | ||
| 690 | _aCOMMERCIAL PROPERTY-MANAGEMENT | ||
| 942 | _n0 | ||
| 948 | _c04/03/1997 | ||
| 999 |
_c31634 _d31634 |
||